000 004410000a22001690004500
003 MACL
005 20151230134535.0
008 151230b xxu||||| |||| 00| 0 eng d
040 _aMACL
_cMACL
041 _aEnglish
082 _a230/BOS
100 _aBose, Basanta Coomar
_924923
245 _aChristianity
_bA Critical Study
260 _bChuckerbertty Chatterjee & Co Ltd
_c1929
650 _aReligion
_924924
942 _cBK
_k230/BOS
_2ddc
999 _c38721
_d38721